000 00318nam a22001217a 4500
008 181023b xxu||||| |||| 00| 0 eng d
041 _aeng
080 _29 ed
_a510
100 _a38
101 _aMAT
245 _aMathematical Applications For Mangemetn Life And Social Sciences
_cReynolds.H
942 _2udc
_cBK
999 _c50759
_d50759